00306pab a2200121 454500008004000000100001800040245003900058260000900097300000900106362001600115650002700131773002600158180718b1987 xxu||||| |||| 00| 0 eng d aIaird, Roy D. aPerestroyka and Soviet agriculture c1987 a81-6 aNov. - Dec. aAgriculture - U.S.S.R. aProblems of Communism